Normal view
MARC view
- Segal, .
Entry Personal Name
001 - CONTROL NUMBER
- control field: 1785
003 - CONTROL NUMBER IDENTIFIER
- control field: OSt
005 - DATE AND TIME OF LATEST TRANSACTION
- control field: 20161014142720.0
008 - FIXED-LENGTH DATA ELEMENTS
- fixed length control field: 161014|| aca||aabn | a|a d
040 ## - CATALOGING SOURCE
- Original cataloging agency: OSt
- Transcribing agency: OSt
100 ## - HEADING--PERSONAL NAME
- Personal name: Segal, .
670 ## - SOURCE DATA FOUND
- Source citation: Work cat.: (OSt)333: Ilyn, M . 1784, Manusyan Engine Mahasakthanayi / , 1966.
